| 000 | 01329nam a2200349 a 4500 | ||
|---|---|---|---|
| 001 | 000108931 | ||
| 003 | CHAP | ||
| 005 | 20220329144030.0 | ||
| 008 | 140320s2013 mx a sm |||||||spa d | ||
| 010 | _a105393 | ||
| 011 | _a106365 | ||
| 040 | _cCHAP | ||
| 090 | _aTesis | ||
| 100 | 1 |
_aHernández López, Julio César _9126016 |
|
| 245 | 1 | 0 |
_aDiseño de una junta esférica para un manipulador paralelo 2(3-RRPS) _h[En línea] _cpor Julio César Hernández López. |
| 260 |
_aChapingo, Méx. : _bEl autor., _c2013. |
||
| 500 | _aPara ver el contenido del material haga clic en la liga | ||
| 502 | _aTesis (Ing. Agr. Esp. en Mecánia Agrícola) -- UACH. Departamento de Ingeniería Mecánica Agrícola | ||
| 590 |
_aBATCH-UPD _b05 _c20140320 _lUCH01 _h1334 |
||
| 590 |
_aBATCH-UPD _b05 _c20140324 _lUCH01 _h1537 |
||
| 590 |
_aBATCH-UPD _b05 _c20141002 _lUCH01 _h0858 |
||
| 590 |
_aE5652GLJ _b05 _c20140320 _lUCH01 _h1333 |
||
| 590 |
_aE5652GLJ _b05 _c20140320 _lUCH01 _h1344 |
||
| 590 |
_aE5652GLJ _b05 _c20141029 _lUCH01 _h1229 |
||
| 590 |
_aE5652GLJ _b05 _c20141029 _lUCH01 _h1233 |
||
| 650 | 1 | 4 |
_aAcoplamientos (maquinaria) _xDiseño. _9126020 |
| 650 | 1 | 4 |
_aMecánica _xAparatos e instrumentos. _973811 |
| 856 |
_aFinding aid _uhttp://10.13.5.2/tesis/sist108931.pdf _zTeclea aquí |
||
| 901 | _aBK | ||
| 942 | _cTESIS | ||
| 942 | _n0 | ||
| 999 |
_c105393 _d105393 |
||